000 00592nam a2200133Ia 4500
008 100328s9999 xx 000 0 und d
082 _b55199
100 _aगोडबोले परशुराम बल्लाळ
245 _aनवनीत अथवा मराठी कवितांचे वेंचे
260 _bशुभदा सारस्वत
630 _aनवनीत अथवा मराठी कवितांचे वेंचे
730 _aनवनीत अथवा मराठी कवितांचे वेंचे
942 _cBOOK
999 _c541898
_d541895